Normal view
MARC view
Entry Topical Term
001 - CONTROL NUMBER
- control field: 18478
003 - CONTROL NUMBER IDENTIFIER
- control field: OSt
005 - DATE AND TIME OF LATEST TRANSACTION
- control field: 20240708094417.0
008 - FIXED-LENGTH DATA ELEMENTS
- fixed length control field: 240708|| aca||aabn | a|a d
040 ## - CATALOGING SOURCE
- Original cataloging agency: OSt
- Transcribing agency: OSt
150 ## - HEADING--TOPICAL TERM
- Topical term or geographic name entry element: Environmentalism
670 ## - SOURCE DATA FOUND
- Source citation: Work cat.: (OSt)9081: Middleton, Nick. 9853, The global casino :, 2003.
